rodinné vinárstvo
Salvato in:
| Autore principale: | |
|---|---|
| Altri autori: | |
| Natura: | Manoscritto Libro |
| Lingua: | slovacco |
| Pubblicazione: |
2024
|
| Soggetti: | |
| Accesso online: | http://is.stuba.sk/zp/portal_zp.pl?podrobnosti=186337 https://opac.crzp.sk/?fn=detailBiblioForm&sid=E866CA411CD4E51496B58169BB2C |
| Tags: |
Nessun Tag, puoi essere il primo ad aggiungerne!!
|
MARC
| LEADER | 00000ntm a22000003a 4500 | ||
|---|---|---|---|
| 001 | stuzp100312 | ||
| 003 | SK-STU | ||
| 005 | 20240927115129.9 | ||
| 007 | ta | ||
| 008 | 150427s2015----xo-----f-mn---000-0-slo-d | ||
| 040 | |a STU |b slo | ||
| 041 | 0 | |a slo | |
| 100 | 1 | |a Šida, Adam |u 010310 |4 aut |U SvF Stavebná fakulta |T SvF Katedra architektúry |X 87764 |U V181|V310 |Y 19 |7 87764 | |
| 242 | 0 | 1 | |a Family winery |y eng |
| 245 | 1 | 0 | |a rodinné vinárstvo |
| 260 | |c 2024 | ||
| 650 | 4 | |a Bakalárska práca |2 slo | |
| 650 | 4 | |a Vinárstvo |2 slo | |
| 650 | 4 | |a Modra |2 slo | |
| 650 | 4 | |a Projekt |2 slo | |
| 650 | 4 | |a Winery |2 eng | |
| 650 | 4 | |a Bachelor thesis |2 eng | |
| 650 | 4 | |a Project |2 eng | |
| 650 | 4 | |a Modra |2 eng | |
| 700 | 1 | |a Šmiralová, Monika |u 010310 |k Z1 |4 ths |U SvF Stavebná fakulta |T SvF Katedra architektúry |X 5225 |U V181|V310 |Y 19 |7 A000005225 | |
| 856 | 4 | |u http://is.stuba.sk/zp/portal_zp.pl?podrobnosti=186337 | |
| 856 | 4 | |u https://opac.crzp.sk/?fn=detailBiblioForm&sid=E866CA411CD4E51496B58169BB2C | |